000 01309cam a2200349 a 4500
001 15601781
003 NUST - PNEC
005 20170116180819.0
008 090128s2009 enka b 001 0 eng
010 _a 2009002801
020 _a9780521896788 (hardback)
020 _a0521896789 (hardback)
035 _a(OCoLC)ocn300721247
040 _aDLC
_cLIBRARY
050 0 0 _aTA640.4
_b.D69 2009
082 0 0 _a624.1076 DOY
100 1 _aDoyle, James F.,
_d1951-
245 1 0 _aGuided explorations of the mechanics of solids and structures : strategies for solving unfamiliar problems /
_cJames F. Doyle.
260 _aCambridge ;
_aNew York :
_bCambridge University Press,
_c2009.
300 _ax, 447 p. :
_bill. ;
_c27 cm.
490 1 _aCambridge aerospace series ;
_v26
504 _aIncludes bibliographical references and index.
650 0 _aStructural engineering
_vProblems, exercises, etc.
650 0 _aStructural engineering
_xMathematics.
_xME
650 0 _aEngineering mathematics.
650 0 _aFinite element method.
650 0 _aGeometry, Solid.
830 0 _aCambridge aerospace series ;
_v26.
906 _a7
_bcbc
_corignew
_d1
_eecip
_f20
_gy-gencatlg
942 _2ddc
_cBK
999 _c63631
_d63631